| 000 | 00894nam a2200193 a 4500 | ||
|---|---|---|---|
| 008 | 120416s1989 ||||||||||||||||| || u | ||
| 020 | _a0074516477 | ||
| 050 | _aTA 404 Gho | ||
| 100 | _aGhose, D. N | ||
| 245 | 1 | 0 | _aMaterials of construction |
| 260 |
_aNew Delhi _bTata McGraw-Hill _c1989 |
||
| 300 | _a296p. ; ill. | ||
| 350 | _a0.00 | ||
| 650 | _aCONSTRUCTION | ||
| 650 | _aCONSTRUCTION MATERIALS | ||
| 995 |
_aANNEX COLLECTION (Main Library) _D0.00 _e732219 _FCBU-MAIN LIBRARY (Kitwe) _H1 _I0.00 _jTA 404 Gho _M1 _UAVAILABLE _WJun 30, 2006 _y029650 _ZAnnex Low-Usage Collection |
||
| 995 |
_aANNEX COLLECTION (Main Library) _D0.00 _e732218 _FCBU-MAIN LIBRARY (Kitwe) _H2 _I0.00 _jTA 404 Gho _M2 _UAVAILABLE _y029649 _ZAnnex Low-Usage Collection |
||
| 995 |
_aANNEX COLLECTION (Main Library) _D0.00 _e732220 _FCBU-MAIN LIBRARY (Kitwe) _H3 _I0.00 _jTA 404 Gho _M3 _UAVAILABLE _y029648 _ZAnnex Low-Usage Collection |
||
| 999 |
_c82714 _d82714 |
||